[Event "VIE-chT"]
[Site "Ho Chi Minh City"]
[Date "2019.09.27"]
[Round "2.31"]
[White "Nguyen, Minh Dat"]
[Black "Dang, Anh Quoc"]
[Result "0-1"]
[WhiteElo "1910"]
[BlackElo "1683"]
[PlyCount "85"]
[EventDate "2019.09.26"]
[EventType "team-swiss"]
[EventRounds "9"]
[EventCountry "VIE"]
[SourceTitle "EXT 2020"]
[Source "ChessBase"]
[SourceDate "2019.10.17"]
[SourceVersion "1"]
[SourceVersionDate "2019.10.17"]
[SourceQuality "1"]

1. e4 d6 2. d4 Nf6 3. Bd3 e5 4. dxe5 dxe5 5. Bb5+ Bd7 6. Bxd7+ Qxd7 7. Qxd7+ Nbxd7 8. Nc3 Bb4 9. f3 Bxc3+ 10. bxc3 Nb6 11. Ne2 Nc4 12. Kf2 0-0-0 13. Bg5 Rd6 14. Ng3 g6 15. Bxf6 Rxf6 16. Rhd1 Na3 17. Rac1 Rc6 18. Ne2 Rd8 19. Rd3 Rcd6 20. Rcd1 Nxc2 21. Rxd6 Rxd6 22. Rxd6 cxd6 23. g3 Kd7 24. Nc1 Kc6 25. Ke2 Na3 26. f4 f6 27. h4 d5 28. f5 dxe4 29. fxg6 hxg6 30. g4 Kd6 31. Ke3 Ke6 32. Kxe4 f5+ 33. Kf3 Nb5 34. Ne2 Nd6 35. Ng3 Nf7 36. g5 e4+ 37. Kf4 Ne5 38. Ne2 Nd3+ 39. Ke3 Ke5 40. Ng1 f4+ 41. Kd2 Kf5 42. Nh3 Kg4 43. h5 0-1

[Event "VIE-chT"]
[Site "Ho Chi Minh City"]
[Date "2019.09.26"]
[Round "1.5"]
[White "Dang, Anh Quoc"]
[Black "Tran, Quoc Dung"]
[Result "0-1"]
[WhiteElo "1683"]
[BlackElo "2339"]
[PlyCount "116"]
[EventDate "2019.09.26"]
[EventType "team-swiss"]
[EventRounds "9"]
[EventCountry "VIE"]
[SourceTitle "EXT 2020"]
[Source "ChessBase"]
[SourceDate "2019.10.17"]
[SourceVersion "1"]
[SourceVersionDate "2019.10.17"]
[SourceQuality "1"]

1. d4 d5 2. Nf3 Bg4 3. g3 e6 4. Bg2 Nf6 5. 0-0 c5 6. b3 Nc6 7. Bb2 Rc8 8. Nbd2 cxd4 9. Nxd4 Bc5 10. N2f3 0-0 11. Rc1 Qb6 12. Nxc6 bxc6 13. Ne5 Bh5 14. c4 Rfd8 15. Nd3 Be7 16. cxd5 cxd5 17. Nf4 Bg4 18. h3 Bf5 19. g4 Be4 20. Qd4 Bc5 21. Qd1 Qd6 22. Bxf6 Qxf4 23. Rxc5 gxf6 24. Qc1 Qb8 25. Bxe4 dxe4 26. Rxc8 Rxc8 27. Qb2 Qe5 28. Qd2 Rc3 29. Kg2 e3 30. Qd8+ Kg7 31. f4 Qe4+ 32. Kg3 Rc2 33. g5 Qg6 34. Qxf6+ Qxf6 35. gxf6+ Kxf6 36. Kf3 Rxa2 37. Rb1 Rc2 38. Kxe3 Rc3+ 39. Ke4 Rxh3 40. e3 Rh5 41. Ra1 a5 42. Ra2 Rd5 43. Ra4 Ke7 44. b4 axb4 45. Rxb4 h5 46. Kf3 Kf6 47. Rb8 Kg7 48. Kg3 Rd3 49. Kf3 Rd1 50. Rb5 Kg6 51. Rg5+ Kh6 52. Rg8 Kh7 53. Rg5 Rd5 54. Rg1 Rd8 55. Rg5 Kh6 56. Kg3 Rd5 57. Rg8 Kh7 58. Rc8 Kg7 0-1

[Event "VIE-ch U20"]
[Site "Hai Phong"]
[Date "2018.07.08"]
[Round "2"]
[White "Phan, Ba Viet"]
[Black "Dang, Anh Quoc"]
[Result "1/2-1/2"]
[WhiteElo "1732"]
[BlackElo "1741"]
[PlyCount "27"]
[EventDate "2018.07.07"]
[EventType "swiss"]
[EventRounds "7"]
[EventCountry "VIE"]
[SourceTitle "EXT 2019"]
[Source "ChessBase"]
[SourceDate "2018.10.10"]
[SourceVersion "1"]
[SourceVersionDate "2018.10.10"]
[SourceQuality "1"]

1. e4 e5 2. Bc4 Nf6 3. d3 Bc5 4. Nc3 h6 5. f4 d6 6. h3 Nc6 7. Nf3 Bd7 8. Na4 Bb6 9. Nxb6 axb6 10. a3 Qe7 11. Qe2 Be6 12. Bxe6 Qxe6 13. f5 Qe7 14. Be3 1/2-1/2

[Event "VIE-ch U11"]
[Site "Ho Chi Minh City"]
[Date "2014.07.14"]
[Round "3"]
[White "Dang, Anh Quoc"]
[Black "Hoang, Trong Minh Quang"]
[Result "1-0"]
[WhiteElo "1931"]
[BlackElo "1459"]
[PlyCount "83"]
[EventDate "2014.07.13"]
[EventType "swiss"]
[EventRounds "9"]
[EventCountry "VIE"]
[SourceTitle "EXT 2016"]
[Source "ChessBase"]
[SourceDate "2015.10.08"]
[SourceVersion "1"]
[SourceVersionDate "2015.10.08"]
[SourceQuality "1"]

1. e4 e6 2. d4 d5 3. exd5 exd5 4. Bd3 Nf6 5. Ne2 Bg4 6. 0-0 Bd6 7. Nbc3 0-0 8. Bg5 c6 9. Qd2 Nbd7 10. h3 Bh5 11. Nf4 Qc7 12. Nce2 Bxe2 13. Nxe2 Ne4 14. Bxe4 dxe4 15. c4 f6 16. Bf4 Bxf4 17. Nxf4 Rfe8 18. Rfe1 Nb6 19. b3 Rad8 20. Qe3 Qd7 21. Rad1 Qf5 22. Ne2 Qa5 23. Nc3 Kf8 24. Nxe4 f5 25. Qf4 Rxd4 26. Rxd4 Qxe1+ 27. Kh2 g6 28. Qh6+ Kf7 29. Nd6+ Kg8 30. Nxe8 Qxe8 31. Qf4 Nd7 32. Qd6 Nf8 33. Rd3 Qe2 34. Re3 Qb2 35. Re8 Qg7 36. Qe7 Qh6 37. f3 f4 38. Qe6+ Kg7 39. Re7+ Kh8 40. Qf6+ Kg8 41. Qf7+ Kh8 42. Re8 1-0